[Event "Madrid ch 2022-2023 Semifinal"]
[Site "Madrid ESP"]
[Date "2023.05.09"]
[Round "7.12"]
[White "Garcia Galeote, Lorenzo"]
[Black "Luque Ibanes, Manuel"]
[Result "1/2-1/2"]
[WhiteElo "1855"]
[BlackElo "2047"]
[PlyCount "91"]
[EventDate "2023.05.03"]
[EventType "swiss"]
[EventRounds "9"]
[EventCountry "ESP"]
[SourceTitle "Ajedrez en Madrid"]
[Source "lmi"]
[SourceDate "2023.05.03"]
[SourceVersion "1"]
[SourceVersionDate "2023.05.10"]
[SourceQuality "1"]

1. d4 d6 2. c4 Nf6 3. Nf3 g6 4. Nc3 Bg7 5. g3 O-O 6. Bg2 Nc6 7. O-O Nd7 8. Bg5
h6 9. Be3 e5 10. dxe5 Ndxe5 11. Nxe5 Nxe5 12. Qb3 Be6 13. Bd5 Qd7 14. c5 Bh3
15. Rfd1 c6 16. Bg2 d5 17. Bd4 Bxg2 18. Kxg2 Qe7 19. Qc2 f5 20. e3 Rae8 21. Ne2
g5 22. Qc3 Qf7 23. Re1 Qh5 24. Ng1 f4 25. exf4 gxf4 26. Bxe5 Bxe5 27. Qf3 Qg6
28. g4 Rf7 29. Re2 h5 30. h3 hxg4 31. Qxg4 Qxg4+ 32. hxg4 Rfe7 33. Kf3 Bd4 34.
Rc1 Rxe2 35. Nxe2 Bxb2 36. Rb1 Ba3 37. Rxb7 Rc8 38. Nxf4 Bxc5 39. Ne6 Bb6 40.
Kf4 Bxf2 41. Kf5 Re8 42. g5 d4 43. g6 d3 44. Rg7+ Kh8 45. Rh7+ Kg8 46. Rg7+
1/2-1/2

[Event "Madrid ch 2022-2023 Semifinal"]
[Site "Madrid ESP"]
[Date "2023.05.09"]
[Round "7.13"]
[White "Vioque Gonzalez, Nicolas"]
[Black "Roquero Redondo, Miguel"]
[Result "0-1"]
[WhiteElo "2081"]
[BlackElo "1936"]
[PlyCount "114"]
[EventDate "2023.05.03"]
[EventType "swiss"]
[EventRounds "9"]
[EventCountry "ESP"]
[SourceTitle "Ajedrez en Madrid"]
[Source "lmi"]
[SourceDate "2023.05.03"]
[SourceVersion "1"]
[SourceVersionDate "2023.05.10"]
[SourceQuality "1"]

1. d4 d5 2. Nc3 Nf6 3. Bg5 Nbd7 4. e3 e6 5. f4 c5 6. Nf3 Be7 7. Be2 O-O 8. O-O
b6 9. Qe1 Bb7 10. Qh4 h6 11. Bxh6 gxh6 12. Qxh6 Re8 13. Qg5+ Kh8 14. Ne5 Nxe5
15. fxe5 Nh7 16. Qh5 Rg8 17. Rxf7 Rg7 18. Raf1 Qg8 19. Bd3 Rf8 20. Rxf8 Bxf8
21. Bxh7 Rxh7 22. Qe8 Bh6 23. Qxg8+ Kxg8 24. Rf3 Bc6 25. Ne2 Be8 26. c3 Rf7 27.
Nf4 cxd4 28. cxd4 Bxf4 29. exf4 Ba4 30. g3 Bc2 31. Rc3 Be4 32. Rc8+ Kg7 33. h3
Rb7 34. Kf2 a5 35. Ke3 b5 36. Kd2 b4 37. h4 Bb1 38. g4 a4 39. h5 a3 40. b3 Bxa2
41. Kc2 Ra7 42. f5 exf5 43. gxf5 Bxb3+ 44. Kb1 Bd1 45. f6+ Kf7 46. Rh8 Ke6 47.
Re8+ Kf7 48. Rh8 Ke6 49. Re8+ Kf5 50. h6 a2+ 51. Ka1 b3 52. Rb8 Rc7 53. Ra8
Rc1+ 54. Kb2 Rb1+ 55. Kc3 a1=Q+ 56. Rxa1 Rxa1 57. h7 Ra8 0-1

[Event "Madrid ch 2022-2023 Semifinal"]
[Site "Madrid ESP"]
[Date "2023.05.09"]
[Round "7.14"]
[White "Cardena Contreras, Javier"]
[Black "Estevez Sacristan, Deva"]
[Result "0-1"]
[WhiteElo "1819"]
[BlackElo "1978"]
[PlyCount "58"]
[EventDate "2023.05.03"]
[EventType "swiss"]
[EventRounds "9"]
[EventCountry "ESP"]
[SourceTitle "Ajedrez en Madrid"]
[Source "lmi"]
[SourceDate "2023.05.03"]
[SourceVersion "1"]
[SourceVersionDate "2023.05.10"]
[SourceQuality "1"]

1. e4 c5 2. Nc3 Nc6 3. f4 e6 4. Nf3 d5 5. exd5 exd5 6. d4 cxd4 7. Nxd4 Nf6 8.
Be2 Bc5 9. Be3 Qe7 10. Qd2 O-O 11. Nxc6 bxc6 12. Bxc5 Qxc5 13. O-O-O Rb8 14. b3
a5 15. Kb2 Re8 16. Bf3 Bf5 17. Rhe1 Qd6 18. h3 h5 19. a3 Rxe1 20. Rxe1 Nd7 21.
Bxh5 Nb6 22. Ka2 a4 23. Nxa4 Nxa4 24. bxa4 d4 25. c4 Qc5 26. Be2 d3 27. Bxd3
Qd4 28. Rb1 Rxb1 29. Kxb1 Bxd3+ 0-1

[Event "Madrid ch 2022-2023 Semifinal"]
[Site "Madrid ESP"]
[Date "2023.05.09"]
[Round "7.16"]
[White "Moreno Torrero, Javier"]
[Black "Sprenger de la Iglesia, Yevgeni"]
[Result "1/2-1/2"]
[WhiteElo "1910"]
[BlackElo "1807"]
[PlyCount "33"]
[EventDate "2023.05.03"]
[EventType "swiss"]
[EventRounds "9"]
[EventCountry "ESP"]
[SourceTitle "Ajedrez en Madrid"]
[Source "lmi"]
[SourceDate "2023.05.03"]
[SourceVersion "1"]
[SourceVersionDate "2023.05.10"]
[SourceQuality "1"]

1. d4 d5 2. Nf3 Nf6 3. e3 c6 4. Bd3 Bg4 5. Nbd2 Nbd7 6. O-O e5 7. dxe5 Nxe5 8.
Be2 Nxf3+ 9. Bxf3 Bxf3 10. Qxf3 Be7 11. e4 dxe4 12. Nxe4 Nxe4 13. Qxe4 O-O 14.
Be3 Bf6 15. c3 Qc7 16. Rad1 Rad8 17. Bd4 1/2-1/2

[Event "Madrid ch 2022-2023 Semifinal"]
[Site "Madrid ESP"]
[Date "2023.05.09"]
[Round "7.17"]
[White "Baeza Escudero, Javier"]
[Black "Vinas Lopez, Carlos"]
[Result "1-0"]
[WhiteElo "1906"]
[BlackElo "1874"]
[PlyCount "45"]
[EventDate "2023.05.03"]
[EventType "swiss"]
[EventRounds "9"]
[EventCountry "ESP"]
[SourceTitle "Ajedrez en Madrid"]
[Source "lmi"]
[SourceDate "2023.05.03"]
[SourceVersion "1"]
[SourceVersionDate "2023.05.10"]
[SourceQuality "1"]

1. e4 c5 2. Nc3 Nc6 3. Bb5 e6 4. Bxc6 bxc6 5. f4 d5 6. d3 Ne7 7. Nf3 g6 8. O-O
Bg7 9. Qe1 Rb8 10. b3 Qc7 11. Bd2 O-O 12. Qh4 Re8 13. Rae1 Bd7 14. Ne2 Nc8 15.
Ng5 h6 16. Nxf7 Kxf7 17. f5 exf5 18. exf5 g5 19. Qh5+ Kg8 20. f6 Re6 21. fxg7
Nd6 22. Bxg5 Kxg7 23. Nf4 1-0

[Event "Madrid ch 2022-2023 Semifinal"]
[Site "Madrid ESP"]
[Date "2023.05.09"]
[Round "7.18"]
[White "Sanchez Rodriguez, Jaime"]
[Black "Lopez Herrero, Israel"]
[Result "1-0"]
[WhiteElo "1839"]
[BlackElo "1792"]
[PlyCount "83"]
[EventDate "2023.05.03"]
[EventType "swiss"]
[EventRounds "9"]
[EventCountry "ESP"]
[SourceTitle "Ajedrez en Madrid"]
[Source "lmi"]
[SourceDate "2023.05.03"]
[SourceVersion "1"]
[SourceVersionDate "2023.05.10"]
[SourceQuality "1"]

1. d4 Nf6 2. Bg5 g6 3. Bxf6 exf6 4. c4 Bg7 5. e3 O-O 6. Nc3 d6 7. g3 c5 8. Nge2
Nc6 9. Bg2 Bd7 10. O-O a6 11. Qd2 Rb8 12. Rfd1 Na5 13. b3 Bc6 14. d5 Bd7 15.
Rac1 b5 16. cxb5 axb5 17. Ne4 f5 18. Nxd6 Be5 19. b4 cxb4 20. Qxb4 Qb6 21. Nxf5
Bxf5 22. Nd4 Bxd4 23. Rxd4 Rfc8 24. Rcd1 Rc4 25. Qe7 Rbc8 26. h3 R4c7 27. Qh4
Rc1 28. Qe7 Rxd1+ 29. Rxd1 Qc7 30. d6 Qd7 31. e4 Be6 32. e5 Nc4 33. Qf6 Qd8 34.
Qf4 Qa5 35. Kh2 Qxa2 36. d7 Rd8 37. Qf6 Qa5 38. Ra1 Qb6 39. Ra6 Qc7 40. Ra7
Qxa7 41. Qxd8+ Kg7 42. Qf6+ 1-0

[Event "Madrid ch 2022-2023 Semifinal"]
[Site "Madrid ESP"]
[Date "2023.05.09"]
[Round "7.20"]
[White "Palomo Monserrat, Lorenzo"]
[Black "Vazquez Gonzalez, Jesus"]
[Result "0-1"]
[WhiteElo "1929"]
[BlackElo "1905"]
[PlyCount "120"]
[EventDate "2023.05.03"]
[EventType "swiss"]
[EventRounds "9"]
[EventCountry "ESP"]
[SourceTitle "Ajedrez en Madrid"]
[Source "lmi"]
[SourceDate "2023.05.03"]
[SourceVersion "1"]
[SourceVersionDate "2023.05.10"]
[SourceQuality "1"]

1. d4 e6 2. c4 Nf6 3. Nf3 a6 4. Bg5 h6 5. Bxf6 Qxf6 6. e4 Bb4+ 7. Nbd2 Nc6 8.
a3 Bxd2+ 9. Qxd2 O-O 10. e5 Qe7 11. Bd3 d6 12. O-O dxe5 13. dxe5 Bd7 14. Qe3
Rad8 15. Qe4 f5 16. exf6 Qxf6 17. b4 Ne7 18. Ne5 Qf5 19. Qe2 Qf6 20. a4 Be8 21.
Rae1 Nf5 22. g4 Nd4 23. Qe4 Nf3+ 24. Nxf3 Qxf3 25. Qxe6+ Bf7 26. Be2 Bxe6 27.
Bxf3 Bxc4 28. Be2 Bxe2 29. Rxe2 Rd4 30. h3 Rxb4 31. Re7 Rxa4 32. Rxc7 Rf7 33.
Rc8+ Kh7 34. Re1 Ra2 35. Rf1 b5 36. f4 Rd7 37. Rf2 Rxf2 38. Kxf2 Rd2+ 39. Kg3
b4 40. Ra8 Ra2 41. Rb8 a5 42. Rb7 Kg8 43. f5 Ra3+ 44. Kh4 Kf8 45. Kh5 Rxh3+ 46.
Kg6 Rg3 47. Rb8+ Ke7 48. Rb7+ Kd6 49. Kxg7 Rxg4+ 50. Kf7 a4 51. f6 a3 52. Ke8
Re4+ 53. Kd8 a2 54. f7 Rf4 55. Rd7+ Kc6 56. Rc7+ Kb6 57. Rc1 Rxf7 58. Rh1 Kb5
59. Rh5+ Ka4 60. Rxh6 Ra7 0-1